<?xml version="1.0" encoding="UTF-8"?>
<collection xmlns="http://www.loc.gov/MARC21/slim">
 <record>
  <leader>01882nam a2200229 a 4500</leader>
  <controlfield tag="001">TVCDKTCT5771</controlfield>
  <controlfield tag="003">Thư viện trường Cao đẳng Kỹ thuật Cao Thắng</controlfield>
  <controlfield tag="005">20060731000000</controlfield>
  <controlfield tag="008">060731</controlfield>
  <datafield tag="980" ind1="\" ind2="\">
   <subfield code="a">Thư viện Trường CĐ Kỹ Thuật Cao Thắng</subfield>
  </datafield>
  <datafield tag="024" ind1=" " ind2=" ">
   <subfield code="a">RG_1 #1 eb0 i1</subfield>
  </datafield>
  <datafield tag="041" ind1="0" ind2="#">
   <subfield code="a">vie</subfield>
  </datafield>
  <datafield tag="082" ind1="#" ind2="#">
   <subfield code="a">927 / </subfield>
   <subfield code="b">P100P-h</subfield>
  </datafield>
  <datafield tag="100" ind1="1" ind2="#">
   <subfield code="a">Hứa Trí Viễn</subfield>
  </datafield>
  <datafield tag="245" ind1="0" ind2="0">
   <subfield code="a">Pablo Picasso (1881 - 1973) /</subfield>
   <subfield code="c">Hứa Trí Viễn, Hứa Thái Hà, Nguyễn Văn Ái</subfield>
  </datafield>
  <datafield tag="250" ind1="#" ind2="#">
   <subfield code="a">In lần thứ 1</subfield>
  </datafield>
  <datafield tag="260" ind1="#" ind2="#">
   <subfield code="a">H. :</subfield>
   <subfield code="b">Văn hóa thông tin ,</subfield>
   <subfield code="c">2004</subfield>
  </datafield>
  <datafield tag="300" ind1="#" ind2="#">
   <subfield code="a">135tr. ;</subfield>
   <subfield code="c">19cm</subfield>
  </datafield>
  <datafield tag="520" ind1="#" ind2="#">
   <subfield code="a">&quot;Tủ sách danh nhân thế giới&quot; gồm 20 tập có hình thức trình bày giống với truyện ký, sẽ giúp bạn đọc tiếp nhận một cách dễ dàng và thông qua đó có thể tạo được sự ảnh hưởng tích cực nhằm xác định được chí hướng của mình và trở thành người có ích cho tổ quốc, cho xã hội. Trong tủ sách này, có tổng thống, tướng quân, nhà tư tưởng, nhà chính trị, nhà khoa học, nhà văn học, ... Cuốn sách Pablo Picasso (1881 - 1973) nói về cuộc đời và sự nghiệp sáng tác của họa sĩ thiên tài người Tây Ban Nha, quốc tịch Pháp sống ở thế kỷ 20, người sáng lập trường phái hội họa tập thể Pháp. Các tác phẩm của ông luôn hướng về hòa bình, hòa bình là đề tài muôn thưở mà Picasso theo đuổi và sáng tác suốt đời.</subfield>
  </datafield>
  <datafield tag="650" ind1="#" ind2="4">
   <subfield code="a">Danh nhân--Thế giới</subfield>
  </datafield>
  <datafield tag="700" ind1="0" ind2="#">
   <subfield code="a">Hứa Thái Hà, </subfield>
   <subfield code="e">Tác giả</subfield>
  </datafield>
  <datafield tag="700" ind1="0" ind2="#">
   <subfield code="a">Nguyễn Văn Ái, </subfield>
   <subfield code="e">Tác giả</subfield>
  </datafield>
 </record>
</collection>
